000 00425nam a22001817a 4500
003 MPLRDC
005 20220104171241.0
008 210129b ||||| |||| 00| 0 eng d
020 _a976-642-041-6
082 _a859.6 GAL-2
100 _aTREVOR PYE
245 _aGEOFFREY THE DINOSAUR
_c
250 _a初版
260 _a
_bGALAXY
_c1998
300 _b
650 _aCHILDREN LITERATURE
942 _cBK
_o859.6 GAL-2
999 _c58364
_d58354